| 000 | 00380 a2200133 4500 | ||
|---|---|---|---|
| 999 |
_c12227 _d12227 |
||
| 003 | OSt | ||
| 005 | 20240117164841.0 | ||
| 008 | 240117b ||||| |||| 00| 0 eng d | ||
| 020 | _a9788193874929 | ||
| 082 | _a720 | ||
| 100 | _aTarwani | ||
| 245 | _aStudio Proceedings : Recognition Of Space Through Memory Mapping Lateral Strategies for Architectural Design Studios | ||
| 942 | _2ddc | ||